Biggest Romance-Speaking Cities in Europe - Statistics

General Stats
  • This quiz has been taken 145 times
  • The average score is 15 of 18
Answer Stats
Population City % Correct
11.3 mil Paris
100%
4.65 mil Barcelona
99%
6.25 mil Madrid
98%
3.60 mil Rome
98%
5.15 mil Milan
97%
1.65 mil Marseille
95%
2.55 mil Lisbon
92%
4.25 mil Naples
91%
1.96 mil Lyon
89%
1.75 mil Valencia
87%
2.20 mil Bucharest
85%
1.32 mil Seville
80%
1.67 mil Turin
80%
1.15 mil Porto
79%
2.03 mil Brussels
70%
1.01 mil Toulouse
63%
1.02 mil Bordeaux
61%
1.29 mil Lille
55%
No matching quizzes found
Score Distribution
Percent of People with Each Score
Percentile by Number Answered
Your Score History
You have not taken this quiz